000 00609nam a2200241 a 4500
001 nice12345678
003 IN_TiNIC
005 20260116013240.0
008 050524s1985 dela grp 000 0 eng
020 _a
_c350
082 0 0 _a709.07
_bPAR
100 _aParihar, Subhash
245 _aMughal Monuments in the Punjab and Haryana
260 _aDelhi
_bInter-India Publications
_c1985
300 _a64p
500 _aincludes index and biblioraphy
505 2 _aNotes
650 _aIslamic-Architecture Mughal
700 1 _aParihar, Subhash
902 _bSRS
942 _cBK
999 _c10250
_d10250